00537nam a22001577a 4500082003500000100002600035245005600061260004400117300001200161526003700173650001300210700002600223942001200249999001900261952009900280 a370.95491bHAYcL-30-II, P-199 aHayes, Louis D938259 aThe crisis of education in PakistancHayes, Louis D aLahorebVanguard Books ltd lahorec1987 a196 p.: a0b0c0d370_954910000000000_HAY aMCE9379 aHayes, Louis D938259 2ddccBK c542900d542900 00102ddc4070aMCEbMCEd2014-02-24l0o370.95491 HAYpMCE-25593r2014-02-24w2014-02-24yBK